000 00485nam a2200181Ia 4500
005 20250326141230.0
008 250326s9999 xx 000 0 und d
037 _aTextbook
040 _aFMSL
_beng
_cFMSL
041 _aeng
_2eng
084 _qFMSL
100 _aShah Tushaar.
245 0 _aGroundwater markets and Irrigation development
_cShah Tushaar.
260 _aBombay
_bBombay, Oxford University
_c1993
300 _a259p
942 _cTB
999 _c1289346
_d1289346